000 00666nam a22001697a 4500
003 SISC
005 20170606105427.0
008 170606b xxu||||| |||| 00| 0 eng d
020 _a9786214090204
050 _aPL 6061
_b.D173 2015
100 _aDancel-Sioson, Imelda.
245 _aPananaliksik sa Filipino :
_b(mula pagbasa at pagsusuri ng iba't ibang teksto: /
_cImelda Dancel-Sioson, Melvin Orio Mortera, Maria Christine Demillo Pinca, Jacqueline Vidal-Velasco.
260 _aMandaluyong City :
_bBooks Atbp. Publishing Corp,
_c2015.
300 _aviii, 164 pages :
_billustrations ;
_c22 cm.
500 _aIncludes bibliographical references.
942 _2lcc
_cBK
999 _c335204
_d335204